Contrastive Grammar in Use : Quantitative Perspectives on the Verb Phrase in English and German /
If there is one speculation about English and German that has pervaded scholarly work within contrastive linguistics as well as language teaching and translation handbooks for decades, it is probably the assumption of a more "verbal style" in English compared to German. Settling this quest...
المؤلف الرئيسي:
التنسيق: كتاب الكتروني
اللغة: English
منشور في:
Leiden ; Boston :
Brill,
2026.
سلاسل:
Language and Computers ;
86.
Language and Linguistics E-Books Online, Collection 2026
الموضوعات:
الوصول للمادة أونلاين: Login to view Source
الوسوم: إضافة وسم
رقم الطلب: P57.I4
| LEADER | 02434nam a22005058i 4500 | ||
|---|---|---|---|
| 001 | BRILL9789004748125 | ||
| 003 | nllekb | ||
| 005 | 20260324115025.0 | ||
| 006 | m d | ||
| 007 | cr un uuuua | ||
| 008 | 251119s2026 gw sb 001 0 eng d | ||
| 020 | |a 9789004748125 |q (electronic book) | ||
| 020 | |z 9789004746961 |q (print) | ||
| 024 | 7 | |a 10.1163/9789004748125 |2 DOI | |
| 040 | |a NL-LeKB |c NL-LeKB |e rda | ||
| 041 | |a eng | ||
| 050 | 4 | |a P57.I4 | |
| 072 | 7 | |a CFF |2 bicssc | |
| 072 | 7 | |a LAN |x 009000 |2 bisacsh | |
| 072 | 7 | |a LAN |x 024000 |2 bisacsh | |
| 082 | 0 | 4 | |a 418/.007/054 |
| 100 | 1 | |a Mahler, Hanna, |e author. | |
| 245 | 1 | 0 | |a Contrastive Grammar in Use : |b Quantitative Perspectives on the Verb Phrase in English and German / |c Hanna Mahler. |
| 246 | 3 | |a Quantitative Perspectives on the Verb Phrase in English and German | |
| 264 | 1 | |a Leiden ; |a Boston : |b Brill, |c 2026. | |
| 264 | 4 | |c ©2026 | |
| 300 | |a 1 online resource (285 pages) : |b illustrations. | ||
| 336 | |a text |b txt |2 rdacontent | ||
| 337 | |a computer |b c |2 rdamedia | ||
| 338 | |a online resource |2 rdacarrier | ||
| 490 | 1 | |a Language and Computers ; |v 86 | |
| 490 | 1 | |a Language and Linguistics E-Books Online, Collection 2026 | |
| 504 | |a Includes bibliographical references and index. | ||
| 520 | |a If there is one speculation about English and German that has pervaded scholarly work within contrastive linguistics as well as language teaching and translation handbooks for decades, it is probably the assumption of a more "verbal style" in English compared to German. Settling this question once and for all, the present book provides a comprehensive comparison of verbal style in English and German that pays due attention to language-internal variation by mode and register at the same time. | ||
| 546 | |a English | ||
| 588 | |a Description based on print version record. | ||
| 650 | 0 | |a Historical and Comparative Linguistics & Linguistic Typology. | |
| 650 | 0 | |a Languages and Linguistics. | |
| 650 | 0 | |a Morphology & Syntax. | |
| 651 | 0 | |a German. | |
| 776 | 0 | 8 | |i Print version: |t Contrastive Grammar in Use : Quantitative Perspectives on the Verb Phrase in English and German. |d Leiden ; Boston : Brill, 2026. |z 9789004746961 |w (OCoLC)1538493235 |
| 830 | 0 | |a Language and Computers ; |v 86. | |
| 830 | 0 | |a Language and Linguistics E-Books Online, Collection 2026 | |
| 856 | 4 | |z DOI: |u http://dx.doi.org/10.1163/9789004748125 | |
| 999 | |c 61974 |d 61974 | ||
